000
00276nam a2200097Ia 4500
001
1197360
005
20250827021825.0
008
250824s9999 xx 000 0 und d
245
0
_a
BİYOGRAFİSİNE SIĞMAYAN KADIN HALİDE EDİB
_c
İPEK ÇALIŞLAR
260
_b
EVEREST YAYINLARI
999
_c
1197360
_d
1197360